| 000 | 00519nam a22001697a 4500 | ||
|---|---|---|---|
| 003 | NUST | ||
| 038 | _azafar Iqbal Malik | ||
| 082 | _a200 | ||
| 100 |
_aAli, Salman _972769 |
||
| 245 |
_aEmotional labour among employees: What Could Go Wrong and What could Make It Right?/ _cSalman Ali |
||
| 264 |
_aIslamabad _bNBS NUST _c2024 |
||
| 300 |
_a58, p. _c35 cm. |
||
| 650 |
_aExecutive MBA _9120079 |
||
| 700 |
_aDr. Safa Riaz _9122992 |
||
| 856 | _uhttp://10.250.8.41:8080/xmlui/handle/123456789/49178 | ||
| 942 |
_2ddc _cSC |
||
| 999 |
_c612783 _d612783 |
||